<?xml version="1.0" encoding="UTF-8"?>
<record
    xmlns:xsi="http://www.w3.org/2001/XMLSchema-instance"
    xsi:schemaLocation="http://www.loc.gov/MARC21/slim http://www.loc.gov/standards/marcxml/schema/MARC21slim.xsd"
    xmlns="http://www.loc.gov/MARC21/slim">

  <leader>00917nam a22002657a 4500</leader>
  <controlfield tag="003">DO-SdBNP</controlfield>
  <controlfield tag="005">20250416110035.0</controlfield>
  <controlfield tag="007">ta</controlfield>
  <controlfield tag="008">110301s2022    dr c          000 0 spa d</controlfield>
  <datafield tag="020" ind1=" " ind2=" ">
    <subfield code="a">9789945180220</subfield>
  </datafield>
  <datafield tag="040" ind1=" " ind2=" ">
    <subfield code="a">DO-SdBNP</subfield>
    <subfield code="b">spa</subfield>
    <subfield code="c">BNPHU</subfield>
  </datafield>
  <datafield tag="082" ind1=" " ind2="4">
    <subfield code="a">779.3</subfield>
    <subfield code="b">G216s</subfield>
    <subfield code="2">22</subfield>
  </datafield>
  <datafield tag="100" ind1="1" ind2=" ">
    <subfield code="a">Garc&#xED;a, Jenny</subfield>
    <subfield code="9">53018</subfield>
  </datafield>
  <datafield tag="245" ind1="1" ind2="0">
    <subfield code="a">Sensaciones /</subfield>
    <subfield code="c">Jenny Garc&#xED;a ; edici&#xF3;n fotogr&#xE1;fica  H&#xE9;ctor Cappelletti ; introducci&#xF3;n Carlos Francisco El&#xED;as.</subfield>
  </datafield>
  <datafield tag="260" ind1=" " ind2=" ">
    <subfield code="a">Santo Domingo :</subfield>
    <subfield code="b">Amigo del Hogar, </subfield>
    <subfield code="c">2022.</subfield>
  </datafield>
  <datafield tag="300" ind1=" " ind2=" ">
    <subfield code="a">[64] p. :</subfield>
    <subfield code="b">il., fots. ;</subfield>
    <subfield code="c">30 cm.</subfield>
  </datafield>
  <datafield tag="590" ind1=" " ind2=" ">
    <subfield code="a">Inventariado, 2022/ YL</subfield>
  </datafield>
  <datafield tag="600" ind1="1" ind2="4">
    <subfield code="a">Garcia, Jenny</subfield>
    <subfield code="v">Viajes </subfield>
    <subfield code="9">87468</subfield>
  </datafield>
  <datafield tag="650" ind1=" " ind2="0">
    <subfield code="a">Fotograf&#xED;a de viajes</subfield>
    <subfield code="9">87469</subfield>
  </datafield>
  <datafield tag="650" ind1=" " ind2="4">
    <subfield code="a">Naturaleza</subfield>
    <subfield code="v">Fotograf&#xED;as</subfield>
    <subfield code="9">54099</subfield>
  </datafield>
  <datafield tag="700" ind1="1" ind2="2">
    <subfield code="a">Cappelletti, H&#xE9;ctor</subfield>
    <subfield code="e">ed.</subfield>
    <subfield code="9">81437</subfield>
  </datafield>
  <datafield tag="700" ind1="1" ind2="2">
    <subfield code="a">El&#xED;as, Carlos Francisco</subfield>
    <subfield code="e">introd.</subfield>
    <subfield code="9">57656</subfield>
  </datafield>
  <datafield tag="910" ind1=" " ind2=" ">
    <subfield code="a">YLockward/Validado. Control de calidad MFF</subfield>
  </datafield>
  <datafield tag="942" ind1=" " ind2=" ">
    <subfield code="2">ddc</subfield>
    <subfield code="c">LBS1</subfield>
  </datafield>
  <datafield tag="952" ind1=" " ind2=" ">
    <subfield code="0">0</subfield>
    <subfield code="1">0</subfield>
    <subfield code="2">ddc</subfield>
    <subfield code="5">1</subfield>
    <subfield code="7">0</subfield>
    <subfield code="8">PD</subfield>
    <subfield code="a">BNPHU</subfield>
    <subfield code="b">BNPHU</subfield>
    <subfield code="c">HD</subfield>
    <subfield code="d">2022-08-02</subfield>
    <subfield code="e">Autora</subfield>
    <subfield code="o">BNPHU PD 779.3 G216s</subfield>
    <subfield code="p">2022-4190</subfield>
    <subfield code="r">2022-10-04</subfield>
    <subfield code="w">2022-10-04</subfield>
    <subfield code="y">LBS1</subfield>
  </datafield>
  <datafield tag="952" ind1=" " ind2=" ">
    <subfield code="0">0</subfield>
    <subfield code="1">0</subfield>
    <subfield code="2">ddc</subfield>
    <subfield code="5">1</subfield>
    <subfield code="7">0</subfield>
    <subfield code="8">PD</subfield>
    <subfield code="a">BNPHU</subfield>
    <subfield code="b">BNPHU</subfield>
    <subfield code="c">HD</subfield>
    <subfield code="d">2022-08-02</subfield>
    <subfield code="e">Autora</subfield>
    <subfield code="o">BNPHU PD 779.3 G216s</subfield>
    <subfield code="p">2022-4191</subfield>
    <subfield code="r">2022-10-04</subfield>
    <subfield code="t">e. 2</subfield>
    <subfield code="w">2022-10-04</subfield>
    <subfield code="y">LBS1</subfield>
  </datafield>
  <datafield tag="952" ind1=" " ind2=" ">
    <subfield code="0">0</subfield>
    <subfield code="1">0</subfield>
    <subfield code="2">ddc</subfield>
    <subfield code="5">6</subfield>
    <subfield code="7">0</subfield>
    <subfield code="8">DS</subfield>
    <subfield code="a">BNPHU</subfield>
    <subfield code="b">BNPHU</subfield>
    <subfield code="c">HD</subfield>
    <subfield code="d">2022-08-02</subfield>
    <subfield code="e">Autora</subfield>
    <subfield code="o">BNPHU DS 779.3 G216s</subfield>
    <subfield code="p">2022-4192</subfield>
    <subfield code="r">2022-10-04</subfield>
    <subfield code="t">e. 3</subfield>
    <subfield code="w">2022-10-04</subfield>
    <subfield code="y">LBS1</subfield>
  </datafield>
  <datafield tag="999" ind1=" " ind2=" ">
    <subfield code="c">52516</subfield>
    <subfield code="d">52516</subfield>
  </datafield>
</record>
